Transport Across Natural and Modified Biological Membranes and its Implications in Physiology and Therapy (Post nr. 8321)
[ visa ren ]
| 000 -LEADER | |
|---|---|
| fixed length control field | 03062nam a22004935i 4500 |
| 001 - CONTROL NUMBER | |
| control field | 60467 |
| 005 - DATE AND TIME OF LATEST TRANSACTION | |
| control field | 20200226102627.0 |
| 007 - PHYSICAL DESCRIPTION FIXED FIELD--GENERAL INFORMATION | |
| fixed length control field | cr nn 008mamaa |
| 008 - FIXED-LENGTH DATA ELEMENTS--GENERAL INFORMATION | |
| fixed length control field | 171004s2017 gw | s |||| 0|eng d |
| 020 ## - INTERNATIONAL STANDARD BOOK NUMBER | |
| International Standard Book Number | 9783319568959 |
| -- | 978-3-319-56895-9 |
| 024 7# - OTHER STANDARD IDENTIFIER | |
| Standard number or code | 10.1007/978-3-319-56895-9 |
| Source of number or code | doi |
| 035 ## - SYSTEM CONTROL NUMBER | |
| System control number | (DE-He213)978-3-319-56895-9 |
| 050 #4 - LIBRARY OF CONGRESS CALL NUMBER | |
| Classification number | QP34-38 |
| 072 #7 - SUBJECT CATEGORY CODE | |
| Subject category code | MFG |
| Source | bicssc |
| 072 #7 - SUBJECT CATEGORY CODE | |
| Subject category code | MED075000 |
| Source | bisacsh |
| 082 04 - DEWEY DECIMAL CLASSIFICATION NUMBER | |
| Classification number | 612 |
| Edition number | 23 |
| 245 10 - TITLE STATEMENT | |
| Title | Transport Across Natural and Modified Biological Membranes and its Implications in Physiology and Therapy |
| Medium | [electronic resource] / |
| Statement of responsibility, etc. | edited by Julita Kulbacka, Saulius Satkauskas. |
| 264 #1 - PRODUCTION, PUBLICATION, DISTRIBUTION, MANUFACTURE, AND COPYRIGHT NOTICE | |
| Place of production, publication, distribution, manufacture | Cham : |
| Name of producer, publisher, distributor, manufacturer | Springer International Publishing : |
| -- | Imprint: Springer, |
| Date of production, publication, distribution, manufacture, or copyright notice | 2017. |
| 300 ## - PHYSICAL DESCRIPTION | |
| Extent | IX, 140 p. 13 illus., 12 illus. in color. |
| Other physical details | online resource. |
| 336 ## - CONTENT TYPE | |
| Content type term | text |
| Content type code | txt |
| Source | rdacontent |
| 337 ## - MEDIA TYPE | |
| Media type term | computer |
| Media type code | c |
| Source | rdamedia |
| 338 ## - CARRIER TYPE | |
| Carrier type term | online resource |
| Carrier type code | cr |
| Source | rdacarrier |
| 347 ## - DIGITAL FILE CHARACTERISTICS | |
| File type | text file |
| Encoding format | |
| Source | rda |
| 490 1# - SERIES STATEMENT | |
| Series statement | Advances in Anatomy, Embryology and Cell Biology, |
| International Standard Serial Number | 0301-5556 ; |
| Volume/sequential designation | 227 |
| 505 0# - FORMATTED CONTENTS NOTE | |
| Formatted contents note | 1. Atomistic Simulations of Electroporation of Model Cell Membranes -- 2. Role of Bioinformatics in the Study of Ionic Channels -- 3. Cell Membrane Transport Mechanisms: Ion Channels and Electrical Properties of Cell Membranes -- 4. Cell Membrane Electropulsation: Chemical Analysis of Cell Membrane Modifications and Associated Transport Mechanisms -- 5. Physical Methods for Drug and Gene Delivery Through the Cell Plasma Membrane -- 6. Estrogen Receptors in Cell Membranes: Regulation and Signaling -- 7. How Imaging Membrane and Cell Processes Involved in Electropermeabilization Can Improve Its Development in Cell Biology and in Clinics -- 8. Analysis, Recognition, and Classification of Biological Membrane Images. |
| 520 ## - SUMMARY, ETC. | |
| Summary, etc. | This book elucidates the mechanisms involved in biological membrane functions. It describes the new modalities and characterization for basic in vitro as well as computer models of biological membranes. Biological membranes are analyzed in terms of advances in molecular dynamics. The individual chapters provide an in depth analysis of images from various biological models. The potential of membrane models in the context of treatment trials is discussed. The authors present new insights and current concepts for treatment procedures (nanocarriers, electroporation, channel blockers). |
| 650 #0 - SUBJECT ADDED ENTRY--TOPICAL TERM | |
| Topical term or geographic name entry element | Medicine. |
| 650 #0 - SUBJECT ADDED ENTRY--TOPICAL TERM | |
| Topical term or geographic name entry element | Human physiology. |
| 650 #0 - SUBJECT ADDED ENTRY--TOPICAL TERM | |
| Topical term or geographic name entry element | Pharmacotherapy. |
| 650 #0 - SUBJECT ADDED ENTRY--TOPICAL TERM | |
| Topical term or geographic name entry element | Cell biology. |
| 650 14 - SUBJECT ADDED ENTRY--TOPICAL TERM | |
| Topical term or geographic name entry element | Biomedicine. |
| 650 24 - SUBJECT ADDED ENTRY--TOPICAL TERM | |
| Topical term or geographic name entry element | Human physiology. |
| 650 24 - SUBJECT ADDED ENTRY--TOPICAL TERM | |
| Topical term or geographic name entry element | Cell biology. |
| 650 24 - SUBJECT ADDED ENTRY--TOPICAL TERM | |
| Topical term or geographic name entry element | Pharmacotherapy. |
| 700 1# - ADDED ENTRY--PERSONAL NAME | |
| Personal name | Kulbacka, Julita. |
| Relator term | editor. |
| 700 1# - ADDED ENTRY--PERSONAL NAME | |
| Personal name | Satkauskas, Saulius. |
| Relator term | editor. |
| 710 2# - ADDED ENTRY--CORPORATE NAME | |
| Corporate name or jurisdiction name as entry element | SpringerLink (Online service) |
| 773 0# - HOST ITEM ENTRY | |
| Title | Springer eBooks |
| 776 08 - ADDITIONAL PHYSICAL FORM ENTRY | |
| Relationship information | Printed edition: |
| International Standard Book Number | 9783319568942 |
| 830 #0 - SERIES ADDED ENTRY--UNIFORM TITLE | |
| Uniform title | Advances in Anatomy, Embryology and Cell Biology, |
| International Standard Serial Number | 0301-5556 ; |
| Volume/sequential designation | 227 |
| 856 40 - ELECTRONIC LOCATION AND ACCESS | |
| Uniform Resource Identifier | <a href="http://dx.doi.org/10.1007/978-3-319-56895-9">http://dx.doi.org/10.1007/978-3-319-56895-9</a> |
| 912 ## - | |
| -- | ZDB-2-SME |
Inga exemplar finns tillgängliga.